Normal view
MARC view
- علوم النبات- العلماء - النباتات المقيدة
Entry Topical Term
001 - CONTROL NUMBER
- control field: 8361
003 - CONTROL NUMBER IDENTIFIER
- control field: JO-AjAnu
005 - DATE AND TIME OF LATEST TRANSACTION
- control field: 20230606071641.0
008 - FIXED-LENGTH DATA ELEMENTS
- fixed length control field: 230606|| aca||aabn | a|a d
040 ## - CATALOGING SOURCE
- Original cataloging agency: JO-AjAnu
- Transcribing agency: JO-AjAnu
150 ## - HEADING--TOPICAL TERM
- Topical term or geographic name entry element: علوم النبات- العلماء - النباتات المقيدة
670 ## - SOURCE DATA FOUND
- Source citation: Work cat.: (JO-AjAnu)4316: الحجاج ، عادل محمد علي , author 8360, ابو حنيفة الدينوري شيخ النباتين